African development : (Record no. 18217)
[ view plain ]
| 000 -LEADER | |
|---|---|
| fixed length control field | 00943cam a22002774a 4500 |
| 001 - CONTROL NUMBER | |
| control field | 16876472 |
| 005 - DATE AND TIME OF LATEST TRANSACTION | |
| control field | 20140407144828.0 |
| 008 - FIXED-LENGTH DATA ELEMENTS--GENERAL INFORMATION | |
| fixed length control field | 110715s2011 xxuabd frb 001 0 eng d |
| 020 ## - INTERNATIONAL STANDARD BOOK NUMBER | |
| International Standard Book Number | 9781588267696 (alk. paper) |
| 040 ## - CATALOGING SOURCE | |
| Original cataloging agency | IEN/DLC |
| Transcribing agency | DLC |
| Modifying agency | DLC |
| 043 ## - GEOGRAPHIC AREA CODE | |
| Geographic area code | f------ |
| 082 04 - DEWEY DECIMAL CLASSIFICATION NUMBER | |
| Classification number | 338.96 |
| Edition number | 22 |
| Item number | MOS |
| 100 1# - MAIN ENTRY--PERSONAL NAME | |
| Personal name | Moss, Todd J., |
| Dates associated with a name | 1970- |
| 9 (RLIN) | 35901 |
| 245 10 - TITLE STATEMENT | |
| Title | African development : |
| Remainder of title | making sense of the issues and actors / |
| Statement of responsibility, etc | Todd J. Moss. |
| 250 ## - EDITION STATEMENT | |
| Edition statement | 2nd ed. |
| 260 ## - PUBLICATION, DISTRIBUTION, ETC. (IMPRINT) | |
| Place of publication, distribution, etc | Boulder, United States ; |
| -- | London : |
| Name of publisher, distributor, etc | Lynne Rienner Publishers, Inc., |
| Date of publication, distribution, etc | 2011. |
| 300 ## - PHYSICAL DESCRIPTION | |
| Extent | xi, 283 p. : |
| Other physical details | charts, maps, tables ; |
| Dimensions | 23 cm. |
| 500 ## - GENERAL NOTE | |
| General note | Index : p. 275-282. |
| 504 ## - BIBLIOGRAPHY, ETC. NOTE | |
| Bibliography, etc | Bibliography : p. 261-274. |
| 650 #0 - SUBJECT ADDED ENTRY--TOPICAL TERM | |
| Topical term or geographic name as entry element | Economic assistance |
| Geographic subdivision | Africa |
| 9 (RLIN) | 35902 |
| 651 #0 - SUBJECT ADDED ENTRY--GEOGRAPHIC NAME | |
| Geographic name | Africa |
| General subdivision | Economic conditions |
| Chronological subdivision | 1960- |
| 9 (RLIN) | 32332 |
| 651 #0 - SUBJECT ADDED ENTRY--GEOGRAPHIC NAME | |
| Geographic name | Africa |
| General subdivision | Economic policy |
| 9 (RLIN) | 32385 |
| 653 ## - INDEX TERM--UNCONTROLLED | |
| Resource For college | BAEPS, Political Science |
| Arrived date list | April2014 |
| 655 ## - INDEX TERM--GENRE/FORM | |
| Form subdivision | |
| -- | 34232 |
| 942 ## - ADDED ENTRY ELEMENTS (KOHA) | |
| Source of classification or shelving scheme | Dewey Decimal Classification |
| Call number prefix | 338.96 MOS |
| Withdrawn status | Item status | Source of classification or shelving scheme | Damaged status | Not for loan | Vendor | Home library | Current library | Shelving location | Date acquired | Source of acquisition | Cost, normal purchase price | Total Checkouts | Total Renewals | Full call number | Barcode | Date last seen | Date last borrowed | Cost, replacement price | Koha item type |
|---|---|---|---|---|---|---|---|---|---|---|---|---|---|---|---|---|---|---|---|
| Dewey Decimal Classification | Baccah | Central Library | Central Library | First floor | 07/04/2014 | 190.00 | 2 | 2 | 338.96 MOS | 000035877 | 15/07/2025 | 03/02/2015 | 237.50 | Book - Borrowing |